| 000 | 00433nam a2200217Ia 4500 | ||
|---|---|---|---|
| 003 | IT-RoPAU | ||
| 008 | 120407s9999 xx 000 0 und d | ||
| 040 | _aIT-RoPAU | ||
| 040 | _cIT-RoPAU | ||
| 041 | _aita | ||
| 100 | _aEdward Hyams | ||
| 245 | _aModello 998. Romanzo | ||
| 250 | _aTorino | ||
| 260 | _aSas | ||
| 260 | _c1953 | ||
| 300 | _c cm | ||
| 490 | _aUniversa | ||
| 490 | _v2 | ||
| 942 | _cBK | ||
| 999 |
_c13822 _d13822 |
||